00611nam a2200229 a 4500001001300000003000900013005001700022008004100039020001000080082001300090100001600103245002300119260004000142300000800182500003500190650001200225700001600237902000800253942000700261952009600268999001700364nice12345678IN_TiNIC20260116015232.0070313s2000 chea grd 000 0 eng  ac10000a823bLIY aLiys, Jamie aGods Must Be Crazy aChennai bLilly Soosai Opset c2000 a00p aincludes index and biblioraphy aFiction1 aLiys, Jamie bSRS cND 00104070aHMIbHMId2008-11-11g100.00l0o823 LIYp11001914r2008-11-11w2026-01-16yVM c18855d18855